000 00582cam a22001933a 4500
001 43507
003 PGUSA
005 20140828084005.0
008 130819s2013||||xxu|||||s|||||000 | eng d
040 _aPGUSA
_beng
042 _adc
245 1 3 _aAn Account of Valle Crucis Abbey, Llangollen ;
_band, all the Recent Discoveries
_h[electronic resource] /
_cAnonymous
260 _bProject Gutenberg,
_c2013
506 _aPublic domain in the USA.
516 _aElectronic text
830 0 _aProject Gutenberg
_v43507
856 4 0 _uhttp://www.gutenberg.org/ebooks/43507
942 _cEB
999 _c272758
_d272758